World without end / (Record no. 811)

MARC details
000 -LEADER
fixed length control field 01038cam a2200289 a 4500
005 - DATE AND TIME OF LATEST TRANSACTION
control field 20260322212035.0
008 - FIXED-LENGTH DATA ELEMENTS--GENERAL INFORMATION
fixed length control field data
010 ## - LIBRARY OF CONGRESS CONTROL NUMBER
LC control number 2007026639
020 ## - INTERNATIONAL STANDARD BOOK NUMBER
International Standard Book Number 9780525950073
020 ## - INTERNATIONAL STANDARD BOOK NUMBER
International Standard Book Number 0525950079
040 ## - CATALOGING SOURCE
Original cataloging agency DLC
Transcribing agency DLC
Modifying agency DLC
-- BTCTA
-- BAKER
-- IK2
-- YDXCP
-- JTE
-- VP@
-- IXA
-- HAC
-- NLGGC
-- DLC
043 ## - GEOGRAPHIC AREA CODE
Geographic area code e-uk-en
050 00 - LIBRARY OF CONGRESS CALL NUMBER
Classification number PR6056.O45
Item number W67 2007
082 00 - DEWEY DECIMAL CLASSIFICATION NUMBER
Classification number 823/.914
Edition information 22
084 ## - OTHER CLASSIFICATION NUMBER
Classification number 18.05
Number source bcl
099 ## - LOCAL FREE-TEXT CALL NUMBER (OCLC)
Classification number FOLLEK
001 - CONTROL NUMBER
control field data
100 1# - MAIN ENTRY--PERSONAL NAME
Personal name Follett, Ken.
245 10 - TITLE STATEMENT
Title World without end /
Statement of responsibility, etc. Ken Follett.
260 ## - PUBLICATION, DISTRIBUTION, ETC.
Place of publication, distribution, etc. New York, N.Y. :
Name of publisher, distributor, etc. Dutton,
Date of publication, distribution, etc. c2007.
300 ## - PHYSICAL DESCRIPTION
Extent 1014 p. ;
Dimensions 25 cm.
650 #0 - SUBJECT ADDED ENTRY--TOPICAL TERM
Topical term or geographic name entry element Black Death
Geographic subdivision England
Form subdivision Fiction.
651 #0 - SUBJECT ADDED ENTRY--GEOGRAPHIC NAME
Geographic name Great Britain
General subdivision History
Chronological subdivision 14th century
Form subdivision Fiction.
655 #7 - INDEX TERM--GENRE/FORM
Genre/form data or focus term Historical fiction.
Source of term gsafd
856 42 - ELECTRONIC LOCATION AND ACCESS
Materials specified Contributor biographical information
Uniform Resource Identifier <a href="http://www.loc.gov/catdir/enhancements/fy0827/2007026639-b.html">http://www.loc.gov/catdir/enhancements/fy0827/2007026639-b.html</a>
856 42 - ELECTRONIC LOCATION AND ACCESS
Materials specified Publisher description
Uniform Resource Identifier <a href="http://www.loc.gov/catdir/enhancements/fy0827/2007026639-d.html">http://www.loc.gov/catdir/enhancements/fy0827/2007026639-d.html</a>
Holdings
Withdrawn status Lost status Damaged status Not for loan Home library Current library Shelving location Date acquired Total checkouts Full call number Barcode Date last seen Price effective from Koha item type
        Franklin Franklin General stacks 22/03/2026   823/.914 22 BC0010835 22/03/2026 22/03/2026 Books